| 000 | 00638nam a22002177a 4500 | ||
|---|---|---|---|
| 003 | OSt | ||
| 005 | 20140310181809.0 | ||
| 008 | 130704t xxu||||| |||| 00| 0 eng d | ||
| 020 | _a9780752300023 | ||
| 050 |
_aQ 141 _b.M953 1994 |
||
| 082 |
_aREF 920.03 _bL32 1994 |
||
| 245 |
_aLarousse Dictionary of scientist / _cHazel Muir. |
||
| 260 |
_aNew York : _bLarousse Kingfisher Chambers Inc, _c1994. |
||
| 300 |
_a595 p.; _c24 cm. |
||
| 500 | _aIncludes index. | ||
| 520 | _a1. Scientist--biographies 2. Dictionary--Scientist | ||
| 521 | _aBasic ed. students | ||
| 541 | _j1 | ||
| 562 | _e1 | ||
| 942 |
_2lcc _cBK-GR _kREF |
||
| 999 |
_c3866 _d3866 |
||